| 000 | 00613nam a22001937a 4500 | ||
|---|---|---|---|
| 003 | OSt | ||
| 005 | 20160105120704.0 | ||
| 008 | 130622t xxu||||| |||| 00| 0 eng d | ||
| 050 |
_aQH 308.2 _b.In61 2007 |
||
| 082 |
_aIB 574 _bBIO 2007 |
||
| 110 | _aInternational Baccalaureate Organization | ||
| 245 |
_aBiology guide : _bfirst examinations 2009 _cInternational Baccalaureate Organization |
||
| 260 |
_aWales, UK : _bInternational Baccalaureate Organization, _cc2007. |
||
| 300 |
_a124 p. _bill.; _e30 cm. |
||
| 440 |
_aFirst examinations 2009. _914674 |
||
| 942 |
_2lcc _cBK |
||
| 999 |
_c3004 _d3004 |
||